Základné termíny zo systému národných účtov.

Výkladový slovník základných termínov zo systému nadnárodných účtov. Tri časti slovníka: slovensko-anglický slovník základných termínov, anglicko-slovenský slovník základných termínov, výkladový slovník základných termínov.

Na minha lista:
Detalhes bibliográficos
Autor principal: Adamiš, L.
Outros Autores: Stratil, D.
Formato: Capítulo de Livro
Idioma:eslovaco
Assuntos:
Tags: Adicionar Tag
Sem tags, seja o primeiro a adicionar uma tag!

MARC

LEADER 00000naa a2200000 4500
001 r006364
005 20221125080401.2
041 0 |a slo 
044 |a [CS] 
245 1 0 |a Základné termíny zo systému národných účtov.  |c L. Adamiš, D. Stratil 
520 |a Výkladový slovník základných termínov zo systému nadnárodných účtov. Tri časti slovníka: slovensko-anglický slovník základných termínov, anglicko-slovenský slovník základných termínov, výkladový slovník základných termínov. 
610 2 0 |a účty národné 
610 2 0 |a slovníky 
610 2 0 |a terminológia 
610 2 0 |a pojmy 
610 2 0 |a angličtina 
610 2 0 |a slovenčina 
100 1 |a Adamiš, L. 
700 1 |a Stratil, D.